| 000 | 01219nam a2200313 i 4500 | ||
|---|---|---|---|
| 001 | 768714001 | ||
| 003 | CO-MdFUSB | ||
| 005 | 20211026095020.0 | ||
| 007 | ta | ||
| 008 | 211007t1992 ck |||| |||| 00| 0 spa d | ||
| 020 | _a9781560633037 | ||
| 040 |
_aCO-MdFUSB _bspa _cCO-MdFUSB _dCO-MdFUSBC _erda |
||
| 041 | _aspa | ||
| 082 |
_223 _a261.8 _bL817 |
||
| 100 |
_aLockward, Alfonso, _eautor |
||
| 245 | 3 |
_aLa responsabilidad social del creyente _c/ Alfonso Lockward |
|
| 264 | 1 |
_aEstados Unidos : _bUnilit, _c[1993] |
|
| 264 | 4 | _c© 1993 | |
| 300 |
_a117 páginas _c; 21 cm |
||
| 336 |
_2rdacontent _atexto _btxt |
||
| 337 |
_2rdamedia _asin mediación _bn |
||
| 338 |
_2rdacarrier _avolumen _bnc |
||
| 505 | _aA manera de explicación. -- Por una revalorización de las obras de caridad. -- El cuasi-constantinismo. -- Los dos reinos. -- Peregrinos y advenedizos. -- Los reinos superpuestos. -- El campo es el mundo. -- Algo sobre jerarquización. -- Luz y sal. -- La estrategia de la levadura. -- Sobre la responsabilidad social de los medios de comunicación. | ||
| 563 | _aRústico | ||
| 650 | 0 |
_91177 _aIglesia y problemas sociales |
|
| 650 | 7 |
_9405 _aSociología cristiana |
|
| 942 | _cBK | ||
| 945 | _aJTF-925 | ||
| 999 |
_c66938 _d66938 |
||